Assessment of Fishing Gear and Fish Licensing as the Major contributing factors to Fishing Avoiding Landing sites: (Record no. 1947)

MARC details
000 -LEADER
fixed length control field 00454nam a22001337a 4500
003 - CONTROL NUMBER IDENTIFIER
control field OSt
005 - DATE AND TIME OF LATEST TRANSACTION
control field 20250904144028.0
008 - FIXED-LENGTH DATA ELEMENTS--GENERAL INFORMATION
fixed length control field 250904b |||||||| |||| 00| 0 eng d
040 ## - CATALOGING SOURCE
Transcribing agency KMU
100 ## - MAIN ENTRY--PERSONAL NAME
Personal name Mutali, Mathews
245 ## - TITLE STATEMENT
Title Assessment of Fishing Gear and Fish Licensing as the Major contributing factors to Fishing Avoiding Landing sites:
Remainder of title A Case Study of Stratum I of Kafue Fishery/
Statement of responsibility, etc. Nathan Mutali
260 ## - PUBLICATION, DISTRIBUTION, ETC.
Place of publication, distribution, etc. Chinsali;
Name of publisher, distributor, etc. KMU:
Date of publication, distribution, etc. 2012
942 ## - ADDED ENTRY ELEMENTS (KOHA)
Koha item type Student Project Report
Suppress in OPAC No
Holdings
Withdrawn status Lost status Damaged status Not for loan Collection Home library Current library Shelving location Date acquired Total Checkouts Date last seen Price effective from Koha item type
        Reference Kapasa Makasa University Kapasa Makasa University Reference 04.09.2025   04.09.2025 04.09.2025 Student Project Report